[Event "Dhaka Walton op 07"]
[Site "Dhaka"]
[Date "2018.07.07"]
[Round "4"]
[White "Akib, Jawad"]
[Black "Muhimenul, Islam"]
[Result "0-1"]
[WhiteElo "1871"]
[BlackElo "2001"]
[PlyCount "94"]
[EventDate "2018.07.04"]
[EventType "swiss"]
[EventRounds "9"]
[EventCountry "BAN"]
[SourceTitle "EXT 2019"]
[Source "ChessBase"]
[SourceDate "2018.10.10"]
[SourceVersion "1"]
[SourceVersionDate "2018.10.10"]
[SourceQuality "1"]

1. d4 d5 2. e3 Nf6 3. Bd3 e6 4. Nd2 c5 5. c3 Nc6 6. f4 Bd7 7. Ngf3 cxd4 8. cxd4 Nb4 9. Bb1 Bb5 10. Nb3 Rc8 11. a3 Ba4 12. 0-0 Nc6 13. Bc2 Be7 14. Nc5 Bxc2 15. Qxc2 b6 16. Nd3 0-0 17. Qe2 Na5 18. b4 Nc4 19. Nde5 Ne4 20. Bb2 f6 21. Nxc4 Rxc4 22. Rac1 b5 23. Nd2 Nxd2 24. Qxd2 Qb6 25. Rxc4 bxc4 26. Bc3 Rb8 27. Rb1 Qa6 28. Qb2 Qa4 29. Kf2 a5 30. Kg1 Kf7 31. Kf2 Bd6 32. g3 Ke7 33. Kg2 Kd7 34. Kf2 Kc6 35. Ke2 axb4 36. Bxb4 Bxb4 37. axb4 Ra8 38. Qc3 Kd7 39. Qc1 Qa3 40. Qc2 g6 41. g4 f5 42. gxf5 gxf5 43. Kf3 Ra4 44. Qg2 Qd3 45. Qg8 Qe4+ 46. Kg3 Qxe3+ 47. Kh4 Qxf4+ 0-1

[Event "BAN-ch U20"]
[Site "Dhaka"]
[Date "2018.05.08"]
[Round "4"]
[White "Mohammad Fahad, Rahman"]
[Black "Akib, Jawad"]
[Result "1-0"]
[WhiteElo "2296"]
[BlackElo "1917"]
[PlyCount "81"]
[EventDate "2018.05.05"]
[EventType "swiss"]
[EventRounds "8"]
[EventCountry "BAN"]
[SourceTitle "CBM 184 Extra"]
[Source "ChessBase"]
[SourceDate "2018.06.28"]
[SourceVersion "1"]
[SourceVersionDate "2018.06.28"]
[SourceQuality "1"]

1. e4 c5 2. Nf3 e6 3. d4 cxd4 4. Nxd4 a6 5. c4 Qc7 6. a3 Nf6 7. Nc3 Be7 8. Be2 b6 9. Be3 Bb7 10. f3 d6 11. Qd2 Nbd7 12. 0-0 0-0 13. Rac1 Rac8 14. b4 Qb8 15. Rfd1 Bd8 16. Nb3 Bc7 17. Bf4 Ne5 18. Bxe5 dxe5 19. c5 b5 20. a4 Bc6 21. axb5 axb5 22. Qe1 Qb7 23. Qf1 Rb8 24. Ra1 Ne8 25. Rd2 f5 26. exf5 Rxf5 27. Qb1 Nf6 28. Bd3 Rf4 29. Na5 Bxa5 30. Rxa5 e4 31. fxe4 Nxe4 32. Nxe4 Bxe4 33. Bxe4 Qxe4 34. Qxe4 Rxe4 35. Rd7 Rf8 36. h3 Rxb4 37. Raa7 Rc8 38. c6 Ra4 39. Rxa4 bxa4 40. c7 a3 41. Rd8+ 1-0

[Event "Dhaka IRT U2000"]
[Site "Dhaka"]
[Date "2018.02.17"]
[Round "4"]
[White "Akib, Jawad"]
[Black "Md Afzal, Hossain"]
[Result "0-1"]
[WhiteElo "1930"]
[BlackElo "1797"]
[PlyCount "112"]
[EventDate "2018.02.14"]
[EventType "swiss"]
[EventRounds "9"]
[EventCountry "BAN"]
[SourceTitle "EXT 2024"]
[Source "ChessBase"]
[SourceDate "2023.10.10"]
[SourceVersion "1"]
[SourceVersionDate "2023.10.10"]
[SourceQuality "1"]

1. d4 g6 2. c4 e6 3. Nc3 Bg7 4. e4 Nc6 5. Be3 a6 6. Be2 d6 7. Qd2 h6 8. 0-0-0 e5 9. Nf3 Bg4 10. d5 Nce7 11. h3 Bd7 12. g4 g5 13. h4 f6 14. hxg5 fxg5 15. Ne1 Ng6 16. c5 Nf4 17. Bxf4 exf4 18. Nd3 Qe7 19. cxd6 cxd6 20. Kb1 Be5 21. Nxe5 Qxe5 22. f3 Ne7 23. Bc4 Rc8 24. Bb3 Ng6 25. Ne2 Ke7 26. Nd4 Qf6 27. Qb4 b5 28. Rhe1 Ne5 29. Qa5 Ra8 30. Nc6+ Kf7 31. Nxe5+ Qxe5 32. Qc3 Qxc3 33. bxc3 Rae8 34. e5 dxe5 35. d6+ Kg6 36. Rd5 Kf6 37. Rc5 e4 38. fxe4 Re5 39. Rxe5 Kxe5 40. Bd1 Rf8 41. Bf3 Rf6 42. Rd1 Rxd6 43. Rxd6 Kxd6 44. Kc2 Ke5 45. Kd3 Be6 46. a3 Bc4+ 47. Kd2 Ba2 48. Kc2 Be6 49. Kd3 Bg8 50. Bg2 Bh7 51. Bf3 Bg6 52. c4 bxc4+ 53. Kxc4 Bxe4 54. Be2 f3 55. Bf1 Bc6 56. Kc5 Bb5 0-1

[Event "BAN-ch U16"]
[Site "Dhaka"]
[Date "2017.04.26"]
[Round "2"]
[White "Akib, Jawad"]
[Black "Mahfuzur, Rahman Saif"]
[Result "1-0"]
[WhiteElo "1912"]
[BlackElo "1097"]
[PlyCount "43"]
[EventDate "2017.04.25"]
[EventType "swiss"]
[EventRounds "7"]
[EventCountry "BAN"]
[SourceTitle "CBM 178 Extra"]
[Source "ChessBase"]
[SourceDate "2017.06.22"]
[SourceVersion "1"]
[SourceVersionDate "2017.06.22"]
[SourceQuality "1"]

1. d4 d5 2. Nf3 e6 3. e3 Nc6 4. Bd3 Bd6 5. Nbd2 Nf6 6. c4 dxc4 7. Nxc4 Bb4+ 8. Bd2 Bxd2+ 9. Qxd2 0-0 10. 0-0 a6 11. a4 Qe7 12. Nfe5 Nxe5 13. Nxe5 Nd7 14. f4 Nxe5 15. fxe5 c5 16. Qc2 cxd4 17. Bxh7+ Kh8 18. Rf3 g6 19. Bxg6 fxg6 20. Rxf8+ Qxf8 21. Qxg6 dxe3 22. Rf1 1-0

[Event "BAN-chB 41st"]
[Site "Dhaka"]
[Date "2015.10.16"]
[Round "2"]
[White "Md, Nasim Hossain Bhuiy"]
[Black "Akib, Jawad"]
[Result "1-0"]
[WhiteElo "1855"]
[BlackElo "1843"]
[PlyCount "111"]
[EventDate "2015.10.15"]
[EventType "swiss"]
[EventRounds "11"]
[EventCountry "BAN"]
[SourceTitle "EXT 2017"]
[Source "ChessBase"]
[SourceDate "2016.10.25"]
[SourceVersion "1"]
[SourceVersionDate "2016.10.25"]
[SourceQuality "1"]

1. e4 c5 2. c3 e6 3. d4 cxd4 4. cxd4 d6 5. Nc3 a6 6. Nf3 b5 7. b4 Bb7 8. Bb2 Nd7 9. Bd3 Rc8 10. a3 Ngf6 11. 0-0 Nb6 12. Qe2 Be7 13. Rab1 0-0 14. Ng5 h6 15. Nh3 Nc4 16. Rfd1 Nxa3 17. Bxa3 Rxc3 18. Bc1 Rxd3 19. Rxd3 Bxe4 20. Rbb3 Bxd3 21. Qxd3 Qd7 22. Qg3 Kh7 23. Ng5+ Kh8 24. Qh3 Rc8 25. Nxf7+ Kg8 26. Nxh6+ Kf8 27. Bg5 gxh6 28. Qxh6+ Kf7 29. Rf3 Ke8 30. Qh8+ Bf8 31. Qxf6 Qe7 32. Qg6+ Kd7 33. Rf7 Qxf7 34. Qxf7+ Kc6 35. Qxe6 Kb7 36. g3 a5 37. Qd7+ Rc7 38. Qxb5+ Ka7 39. Qxa5+ Kb7 40. Qb5+ Ka7 41. d5 Bg7 42. Be3+ Bd4 43. Bxd4+ Ka8 44. Qa5+ Kb7 45. Qxc7+ Kxc7 46. h4 Kb7 47. h5 Ka6 48. h6 Kb5 49. h7 Kxb4 50. h8Q Kc4 51. Be3 Kd3 52. Qd4+ Kc2 53. Kf1 Kb1 54. Qd2 Ka1 55. Bd4+ Kb1 56. Qb2# 1-0